000 00492cam a2200205 4500
001 ##D2481
008 090401t1969 xxu||||| |||| 00| 0 eng d
035 _a(Sirsi) u69253
041 0 _aeng
050 0 4 _a526.9028 $2 18
100 1 _aClendinning, J.
245 0 0 _aPrinciples and use of surveying instruments
250 _a3rd ed.
260 _aLondon
_bBlackie
_c1969
300 _axii, 319p.
_c22cm.
350 _a3
700 1 _aOlliver, J. G.
942 _n0
948 _c04/03/1997
999 _c95175
_d95175